Statistiken für Medias in Res Vok 7

Klicken Sie hier um das Quiz zu spielen!

Allgemein

  • Dieses Quiz wurde 797 mal gespielt
    (592 seit der letzten Aktualisierung)
  • Das Durchschnittsergebnis liegt bei 48 aus 57

Antwortstatistiken

AngabeÜbs / 2. Fall / GeschlechtAntwort% Korrekt
2. Fallconsilii
95%
bellumÜbsKrieg
95%
arma (Pl.)ÜbsWaffen
95%
genusm.
94%
genusn.
94%
consiliumÜbsPlan, Beschluss, Rat
94%
2. Fallpopuli
94%
populusÜbsVolk
94%
genusn.
93%
2. Fallbelli
92%
venireÜbskommen
92%
genusn.
92%
habitareÜbs(be)wohnen
91%
genusm.
91%
2. Fallnuntii
91%
1. P.habito
90%
legereÜbslesen
90%
1. P.venio
90%
1. P.mitto
89%
mittereÜbsschicken
89%
audireÜbshören
88%
1. P.lego
88%
2. Fallarmorum
87%
nuntiusÜbsBote, Nachricht
87%
1. P.audio
85%
genusf.
85%
1. P.capio
84%
capereÜbsfassen, ergreifen, fangen
84%
2. Falliniuriae
84%
1. P.dico
83%
(bellum) gerereÜbs(Krieg) führen
82%
rapereÜbsrauben
82%
domiÜbszu Hause
82%
interÜbszwischen
82%
domumÜbsnach Hause
81%
iniuriaÜbsUnrecht
81%
+ FallAkk.
80%
namÜbsdenn, nämlich
80%
necesse estÜbses ist notwendig
80%
subitoÜbsplötzlich
80%
dicereÜbssagen
80%
+ FallAkk.
79%
adiuvareÜbsunterstützen
79%
1. P.rapio
78%
apudÜbsbei
77%
relinquereÜbsverlassen, zurücklassen
77%
dum (+ Präsens)Übswährend
77%
1. P.adiuvo
76%
1. P.paro
76%
1. P.relinquo
76%
1. P.tolero
73%
parareÜbs(vor)bereiten, erwerben
71%
utÜbswie
71%
tolerareÜbsertragen
69%
1. P.gero
69%
1. P.contendo
67%
contendereÜbseilen, kämpfen
59%

Verteilung der Resultate

Perzentil nach korrekt beantworteten Fragen

Anzahl Personen mit jedem Resultat

Ihre Resultats-Entwicklung

Sie haben dieses Quiz seit der letzten Aktualisierung nicht gespielt